Estadísticas para Banderas de Países que Comienzan con C

Haz click aquí para tomar la prueba!

Estadísticas generales

  • Esta prueba ha sido tomada 1,647 veces
  • La puntuación promedio es 14 de 17

Estadísticas de respuestas

Answer % Correcto
Canadá
100%
Colombia
98%
China
97%
Corea del Sur
94%
Cuba
93%
Chile
92%
Chipre
92%
Croacia
92%
Corea del Norte
88%
Camerún
84%
Camboya
83%
Catar
80%
Costa Rica
75%
Costa de Marfil
72%
Chad
65%
Comoras
64%
Cabo Verde
53%

Distribución de puntuación

Porcentaje por número respondido

Porcentaje de gente con cada puntuación

Historial de tus puntuaciones

No has tomado esta prueba